Lana Del Rey Charting Songs (Billboard Hot Rock) - Statistics

General Stats
  • This quiz has been taken 51 times
    7 since last reset
  • The average score is 20 of 56
Answer Stats
Album Weeks On Peak Artist(s) Song % Correct
The Great Gatsby 30 Weeks #3 Lana Del Rey Young and Beautiful
100%
Lust for Life 20 Weeks #2 Lana Del Rey Love
83%
Lust for Life 20 Weeks #4 Lana Del Rey ft. The Weeknd Lust for Life
83%
Non-Album Single 15 Weeks #5 Lana Del Rey & Cedric Gervais Summertime Sadness
83%
Paradise 2 Weeks #22 Lana Del Rey Cola
67%
Did You Know That There's a Tunnel Under Ocean Blvd 13 Weeks #34 Lana Del Rey ft. Bleachers Margaret
67%
Born to Die 20 Weeks #14 Lana Del Rey Radio
67%
Did You Know That There's a Tunnel Under Ocean Blvd 9 Weeks #10 Lana Del Rey A&W
50%
Chemtrails Over the Country Club 6 Weeks #15 Lana Del Rey Chemtrails Over the Country Club
50%
Blue Banisters 11 Weeks #19 Lana Del Rey Dealer
50%
Did You Know That There's a Tunnel Under Ocean Blvd 5 Weeks #23 Lana Del Rey Did You Know That There's a Tunnel Under Ocean Blvd
50%
Did You Know That There's a Tunnel Under Ocean Blvd 21 Weeks #23 Lana Del Rey ft. Father John Misty Let the Light In
50%
Did You Know That There's a Tunnel Under Ocean Blvd 2 Weeks #26 Lana Del Rey ft. Tommy Genesis Peppers
50%
Did You Know That There's a Tunnel Under Ocean Blvd 1 Week #33 Lana Del Rey Sweet
50%
Chemtrails Over the Country Club 1 Week #21 Lana Del Rey Tulsa Jesus Freak
50%
Chemtrails Over the Country Club 1 Week #14 Lana Del Rey White Dress
50%
Lust for Life 1 Week #29 Lana Del Rey ft. Stevie Nicks Beautiful People Beautiful Problems
33%
Paradise 1 Week #50 Lana Del Rey Bel Air
33%
Blue Banisters 1 Week #40 Lana Del Rey Black Bathing Suit
33%
Blue Banisters 1 Week #42 Lana Del Rey Blue Banisters
33%
Stove 1 Week #25 Lana Del Rey Bluebird
33%
Paradise 2 Weeks #32 Lana Del Rey Body Electric
33%
Did You Know That There's a Tunnel Under Ocean Blvd 1 Week #22 Lana Del Rey Candy Necklace
33%
Chemtrails Over the Country Club 1 Week #27 Lana Del Rey Dark But Just a Game
33%
Did You Know That There's a Tunnel Under Ocean Blvd 1 Week #48 Lana Del Rey Fingertips
33%
Did You Know That There's a Tunnel Under Ocean Blvd 1 Week #38 Lana Del Rey Fishtail
33%
Lust for Life 2 Weeks #20 Lana Del Rey Get Free
33%
Paradise 5 Weeks #15 Lana Del Rey Gods and Monsters
33%
Stove 4 Weeks #14 Lana Del Rey Henry, Come On
33%
Did You Know That There's a Tunnel Under Ocean Blvd 1 Week #44 Lana Del Rey Kintsugi
33%
Born to Die 13 Weeks #37 Lana Del Rey National Anthem
33%
Born to Die 1 Week #40 Lana Del Rey Off to the Races
33%
Did You Know That There's a Tunnel Under Ocean Blvd 3 Weeks #24 Lana Del Rey ft. SYML Paris, Texas
33%
Born to Die: The Paradise Edition 16 Weeks #21 Lana Del Rey Ride
33%
Did You Know That There's a Tunnel Under Ocean Blvd 1 Week #29 Lana Del Rey Taco Truck x VB
33%
Blue Banisters 1 Week #44 Lana Del Rey Text Book
33%
Did You Know That There's a Tunnel Under Ocean Blvd 2 Weeks #31 Lana Del Rey The Grants
33%
Blue Banisters 1 Week #39 Lana Del Rey Thunder
33%
Lust for Life 1 Week #40 Lana Del Rey ft. Sean Ono Lennon Tomorrow Never Came
33%
Euphoria: Season 2 (An HBO Original Series Soundtrack) 7 Weeks #17 Lana Del Rey Watercolor Eyes
33%
Chemtrails Over the Country Club 1 Week #29 Lana Del Rey Wild at Heart
33%
Chemtrails Over the Country Club 1 Week #38 Lana Del Rey Yosemite
33%
Lust for Life 2 Weeks #27 Lana Del Rey 13 Beaches
17%
Paradise 1 Week #29 Lana Del Rey American
17%
Blue Banisters 2 Weeks #40 Lana Del Rey Arcadia
17%
Chemtrails Over the Country Club 1 Week #40 Lana Del Rey Breaking Up Slowly
17%
Blue Banisters 1 Week #29 Lana Del Rey If You Lie Down With Me
17%
Chemtrails Over the Country Club 2 Weeks #14 Lana Del Rey Let Me Love You Like a Woman
17%
Non-Album Single 21 Weeks #4 Lana Del Rey Say Yes to Heaven
17%
Scary Stories to Tell in the Dark 1 Week #23 Lana Del Rey Season of the Witch
17%
Stove 4 Weeks #14 Lana Del Rey White Feather Hawk Tail Deer Hunter
17%
Chemtrails Over the Country Club 1 Week #43 Lana Del Rey Dance Till We Die
0%
Blue Madonna 2 Weeks #17 BORNS ft. Lana Del Rey God Save Our Young Blood
0%
Did You Know That There's a Tunnel Under Ocean Blvd 1 Week #42 Lana Del Rey Grandfather please stand on the shoulders of my father while he’s deep-sea fishing
0%
Chemtrails Over the Country Club 1 Week #34 Lana Del Rey Not All Who Wander Are Lost
0%
Non-Album Signle 2 Weeks #23 Lana Del Rey Take Me Home, Country Roads
0%
No matching quizzes found
Score Distribution
Percent of People with Each Score
Percentile by Number Answered
Your Score History
You have not taken this quiz since the last reset